000 00875nam a2200265Ia 4500
003 GCL
008 140319s9999 xx 000 0 ara d
040 _aGCL /
_cGCL
082 0 4 _a338.7262
_bد ق
100 1 _aمحمد مصطفى غنيم
245 1 0 _aقرار التحول الى القطاع الخاص غايات عامة ووسائل خاصة /
_cمحمد مصطفى غنيم
700 1 _aدوناهيو، جون
260 _a[S.N] :
_bالجمعية المصرية لنشر المعرفة والثقافةوالعلوم ،
_c1991
300 _a297 ص
490 _a
650 0 4 _aالاقتصاد
650 0 4 _aالقطاع العام
650 0 4 _aالقطاع الخاص
650 0 4 _aالملكية
650 0 4 _aالانفاق العام
650 0 4 _aالادلة
650 0 4 _aالمخاطر
650 0 4 _aالمكاسب
942 _2ddc
_cBK
999 _c30675
_d30675